[Event "ISR-chT 1112"]
[Site "Israel"]
[Date "2011.12.30"]
[Round "3.6"]
[White "Grossman, Michael"]
[Black "Zak, Uri"]
[Result "1/2-1/2"]
[WhiteElo "2282"]
[BlackElo "2217"]
[PlyCount "38"]
[EventDate "2011.12.16"]
[EventType "team-tourn"]
[EventRounds "11"]
[EventCountry "ISR"]
[SourceTitle "EXT 2013"]
[Source "ChessBase"]
[SourceDate "2012.11.22"]
[SourceVersion "1"]
[SourceVersionDate "2012.11.22"]
[SourceQuality "1"]

1. e4 e6 2. d4 d5 3. Nc3 Bb4 4. e5 c5 5. a3 Bxc3+ 6. bxc3 Qa5 7. Bd2 Qa4 8. Nf3 c4 9. h4 Nc6 10. h5 h6 11. g3 Bd7 12. Bh3 0-0-0 13. 0-0 f5 14. exf6 Nxf6 15. Ne5 Nxe5 16. dxe5 Ne4 17. Kg2 Qa5 18. Be1 b6 19. f3 Nc5 1/2-1/2

[Event "ISR-chT 1112"]
[Site "Israel"]
[Date "2011.12.16"]
[Round "1.6"]
[White "Grossman, Michael"]
[Black "Egozi, Nadav"]
[Result "1/2-1/2"]
[WhiteElo "2282"]
[BlackElo "2173"]
[PlyCount "127"]
[EventDate "2011.12.16"]
[EventType "team-tourn"]
[EventRounds "11"]
[EventCountry "ISR"]
[SourceTitle "EXT 2013"]
[Source "ChessBase"]
[SourceDate "2012.11.22"]
[SourceVersion "1"]
[SourceVersionDate "2012.11.22"]
[SourceQuality "1"]

1. e4 c5 2. Nf3 d6 3. d4 cxd4 4. Nxd4 Nf6 5. Nc3 a6 6. Bg5 e6 7. f4 Be7 8. Qf3 Qc7 9. 0-0-0 Nbd7 10. Bd3 h6 11. Bh4 g5 12. fxg5 Ne5 13. Qe2 Nfg4 14. Nf3 Nxf3 15. gxf3 hxg5 16. Bg3 Ne5 17. Qf2 Bd7 18. h4 gxh4 19. Bxh4 Bxh4 20. Rxh4 0-0-0 21. Rdh1 Rxh4 22. Rxh4 Nxd3+ 23. cxd3 b5 24. Kb1 b4 25. Ne2 Bb5 26. Qe3 e5 27. f4 Kb7 28. Rh1 Qc5 29. Qf3 d5 30. fxe5 dxe4 31. dxe4 Qxe5 32. Qxf7+ Rd7 33. Qf4 Bd3+ 34. Ka1 Qxf4 35. Nxf4 Bxe4 36. Re1 Rd2 37. a3 b3 38. Ne2 Kb6 39. Nc3 Bf5 40. Rf1 Bc2 41. Rf6+ Kc5 42. Rf1 Rg2 43. Rh1 Kd4 44. Rh4+ Ke3 45. Rh3+ Kf2 46. Rh1 Ke3 47. Rh3+ Kd2 48. Rh1 Bd3 49. Rd1+ Kc2 50. Rh1 Rf2 51. Re1 Bf1 52. Nd1 Rf3 53. Ne3+ Kd2 54. Rxf1 Rxe3 55. Rh1 Re1+ 56. Rxe1 Kxe1 57. Kb1 Kd2 58. Ka1 Kc2 59. a4 Kd3 60. Kb1 Kc4 61. Kc1 Kb4 62. Kd2 Kxa4 63. Kc3 a5 64. Kc4 1/2-1/2